فضيحة كيتي : (رقم التسجيلة. 94277)

تفاصيل مارك
000 -LEADER
fixed length control field 011340am a2200277 004500
003 - CONTROL NUMBER IDENTIFIER
control field EG-GiCUC
008 - FIXED-LENGTH DATA ELEMENTS--GENERAL INFORMATION
fixed length control field 070403s1991 ua g 000 0 ara d
017 ## - COPYRIGHT OR LEGAL DEPOSIT NUMBER
Copyright or legal deposit number 5451 / 1991
Assigning agency مصر.دار الكتب
040 ## - CATALOGING SOURCE
Original cataloging agency EG-GiCUC
Language of cataloging ara
Transcribing agency EG-GiCUC
043 ## - GEOGRAPHIC AREA CODE
Geographic area code n-us---
050 #4 - LIBRARY OF CONGRESS CALL NUMBER
Classification number E877
Item number F3 1991
092 04 - LOCALLY ASSIGNED DEWEY CALL NUMBER (OCLC)
Classification number 973.927092
Item number R2879f
Edition number 21
099 ## - LOCAL FREE-TEXT CALL NUMBER (OCLC)
Classification number 04
-- 973.927092 R2879f
100 1# - MAIN ENTRY--PERSONAL NAME
Personal name فهمى : فاروق
245 10 - TITLE STATEMENT
Title فضيحة كيتي :
Remainder of title غراميات نانسى.. مزورة !! /
Statement of responsibility, etc. فاروق فهمي
260 ## - PUBLICATION, DISTRIBUTION, ETC.
Place of publication, distribution, etc. القاهرة :
Name of publisher, distributor, etc. مؤسسة امون :
Date of publication, distribution, etc. 1991
300 ## - PHYSICAL DESCRIPTION
Extent 159ص : صور ؛
Dimensions 22سم
600 10 - SUBJECT ADDED ENTRY--PERSONAL NAME
Personal name ريجان : نانسى :
Dates associated with a name 1923-
651 #7 - SUBJECT ADDED ENTRY--GEOGRAPHIC NAME
Geographic name الولايات المتحدة الامريكية
General subdivision ازواج الرؤساء
-- تراجم
Source of heading or term qrmak
651 #7 - SUBJECT ADDED ENTRY--GEOGRAPHIC NAME
Geographic name الولايات المتحدة الامريكية
General subdivision الاحوال السياسية
-- 1981-
Source of heading or term qrmak
651 #7 - SUBJECT ADDED ENTRY--GEOGRAPHIC NAME
Geographic name الولايات المتحدة الامريكية
General subdivision تاريخ
Chronological subdivision العصر الحديث
General subdivision ريجان
Chronological subdivision 1981-1987
Source of heading or term qrmak
902 ## - LOCAL DATA ELEMENT B, LDB (RLIN)
No. of Items 2
905 ## - LOCAL DATA ELEMENT E, LDE (RLIN)
Cataloger بلتاجى
Reviser مراجع
905 ## - LOCAL DATA ELEMENT E, LDE (RLIN)
Cataloger جمال
Reviser مدخل
942 ## - ADDED ENTRY ELEMENTS (KOHA)
Source of classification or shelving scheme Dewey Decimal Classification
Koha item type Books
المقتنيات
Source of classification or shelving scheme Not for loan Home library Current library Date acquired Full call number Barcode Date last seen Copy number Koha item type
Dewey Decimal Classification   المكتبة المركزبة الجديدة - جامعة القاهرة قاعة الانسانيات - الدور الثاني 11.02.2024 973.927092 R2879f 01000100095882000 22.09.2023 C.1 Books
Dewey Decimal Classification   المكتبة المركزبة الجديدة - جامعة القاهرة قاعة الانسانيات - الدور الثاني 11.02.2024 973.927092 R2879f 01000100095883000 22.09.2023 C.2 Books
Cairo University Libraries Portal Implemented & Customized by: Eng. M. Mohamady Contacts: new-lib@cl.cu.edu.eg | cnul@cl.cu.edu.eg
CUCL logo CNUL logo
© All rights reserved — Cairo University Libraries
CUCL logo
Implemented & Customized by: Eng. M. Mohamady Contact: new-lib@cl.cu.edu.eg © All rights reserved — New Central Library
CNUL logo
Implemented & Customized by: Eng. M. Mohamady Contact: cnul@cl.cu.edu.eg © All rights reserved — Cairo National University Library